000
00441nam a2200145Ia 4500
008
090124s9999 xx 000 0 und d
082
_b
201825
245
_a
संगीत सती पिंगला
250
_a
2
260
_b
आपटे हरी नारायण
_c
1964
300
_a
73
630
_a
संगीत सती पिंगला
730
_a
संगीत सती पिंगला
942
_c
BOOK
999
_c
183406
_d
183406